000 00626nam a2200217 i 4500
001 30273
003 ES-MaACL
005 20230906154151.0
007 t|
008 030124s1899 it ||||1| ita d
100 1 _aBassi, Domenico.
_926318
245 1 0 _aMitologie orientali
_b: mitologia babilonese-assira /
_cDomenico Bassi.
260 _aMilano :
_b[s.n.,
_c1899] (
_fLombardi)
300 _aXV, 219 p. ;
_c15 cm.
490 1 _aManuali Hoepli
700 1 _aMartini, Emidio.
_978494
740 0 _aMitologia babilonese-assira.
830 0 _aManuali Hoepli
_9180782
852 _aES-MaACL
_jD-4264
999 _c30273
_d30273